Annual report, 2019-2020 (Record no. 513472)

000 -LEADER
fixed length control field 00253nam a2200097 4500
082 ## - DEWEY DECIMAL CLASSIFICATION NUMBER
Classification number A45:B73 RAJ/2019-20(H)
100 ## - MAIN ENTRY--PERSONAL NAME
Personal name Rajasthan. Swayat Shasan Vibhag
9 (RLIN) 9908
245 ## - TITLE STATEMENT
Title Annual report, 2019-2020
260 ## - PUBLICATION, DISTRIBUTION, ETC. (IMPRINT)
Place of publication, distribution, etc Jaipur
Name of publisher, distributor, etc The author
Date of publication, distribution, etc 2020
300 ## - PHYSICAL DESCRIPTION
Extent 95p.
Holdings
Withdrawn status Lost status Source of classification or shelving scheme Damaged status Koha normalized classification for sorting Not for loan Permanent location Current location Date acquired Full call number Barcode Date last seen Price effective from Koha item type
        A_45B73_RAJ_201920H   Indian Institute of Public Administration Indian Institute of Public Administration 2020-02-24 A45:B73 RAJ/2019-20(H) GG34801 2020-02-24 2020-02-24 GG

Powered by Koha